| 000 | 01090nam a22002537a 4500 | ||
|---|---|---|---|
| 005 | 20170124102922.0 | ||
| 010 | _aB-176955 | ||
| 020 |
_c160.00 _a8186098070 |
||
| 035 | _aB-176955 | ||
| 037 | _bCen Lib/Ret | ||
| 040 |
_aDPL _bHN |
||
| 082 | _a811.08 | ||
| 245 |
_aभर्तृहरि शतक / _cअनुवादक रामचन्द्र वर्मा शास्त्री |
||
| 246 |
_aBhrtrahari shatak _btraslated by Ramchandra Verma Shastri |
||
| 260 |
_a दिल्ली _bकिरण प्रकाशन _c2005 |
||
| 270 |
_a85, बलदेव पार्क _b दिल्ली _e110051 |
||
| 300 |
_a171पृ. _c21सेमी(सजिल्द) |
||
| 650 |
_aहिंदी साहित्य _9142570 |
||
| 650 |
_aहिंदी साहित्य _xआदिकाल _9142571 |
||
| 650 |
_aHidi Literature _9142572 |
||
| 650 |
_aHidi Literature _xAadikaal _9142573 |
||
| 700 |
_aशास्त्री, रामचन्द्र वर्मा _942873 |
||
| 942 |
_2ddc _cHN _h811.08 _mभर्तृह |
||
| 999 |
_c111332 _d111332 |
||